000 00275nam a22001217a 4500
020 _a81-223-0951-8
082 _a030
_bHIN/F
245 _aFAIRS AND FESTIVALS OF INDIA
260 _aDELHI
_bHINDOOLOGY BOOKS
300 _a146
650 _aGENERAL KNOWLEDGE
_zINDIA
942 _cBK
999 _c3085
_d3085